Lập trình Visual Basic 6.0 cơ bản

Sách gồm 14 chương giới thiệu quá trình lập trình bằng Visual Basic từ đầu. Các khái niệm và kỹ thuật lập trình cơ bản đều được trình bày và giải thích đầy đủ nên người đọc không cần có kinh nghiệm và kiến thức lập trình từ trước....

Full description

Saved in:
Bibliographic Details
Main Author: Đặng, Quế Vinh
Format: Book
Language:Undetermined
Published: H. KHoa học và Kỹ thuật 2005
Subjects:
Online Access:http://lrc.tdmu.edu.vn/opac/search/detail.asp?aID=2&ID=6833
Tags: Add Tag
No Tags, Be the first to tag this record!
Institutions: Trung tâm Học liệu Trường Đại học Thủ Dầu Một
LEADER 01303nam a2200205Ia 4500
001 TDMU_6833
008 210410s9999 xx 000 0 und d
082 |a 005.13 
090 |b Đ116 
100 |a Đặng, Quế Vinh 
245 0 |a Lập trình Visual Basic 6.0 cơ bản 
245 0 |c TS. Đặng Quế Vinh 
260 |a H. 
260 |b KHoa học và Kỹ thuật 
260 |c 2005 
300 |a 351tr. 
520 |a Sách gồm 14 chương giới thiệu quá trình lập trình bằng Visual Basic từ đầu. Các khái niệm và kỹ thuật lập trình cơ bản đều được trình bày và giải thích đầy đủ nên người đọc không cần có kinh nghiệm và kiến thức lập trình từ trước. Đây là tài liệu tham khảo cho sinh viên, giáo viên khoa tin của các trường ĐH, CĐ và cho những ai bắt đầu học lập chương trình bằng ngôn ngữ lập trình Visual Basic. 
650 |a Ngôn ngữ lập trình Visual Basic; Lập trình máy tính - Visual Basic 
856 |u http://lrc.tdmu.edu.vn/opac/search/detail.asp?aID=2&ID=6833 
980 |a Trung tâm Học liệu Trường Đại học Thủ Dầu Một